000
00367nam a2200109Ia 4500
008
221009s9999 xx 000 0 und d
082
_a
800/MAC
100
_a
माचवे प्रभाकर
_9
37730
245
0
_a
हिन्दी काव्य की प्रवृत्तियॉ
260
_b
राजकमल प्रकाशन
942
_c
BK
999
_c
64592
_d
64592